Complete the song title - Numbers - Statistics

General Stats
  • This quiz has been taken 14 times
  • The average score is 20 of 32
Answer Stats
Artist Title Release Year % Correct
Queen Another {One} Bites The Dust 1980
100%
The Beatles {Eight} Days a Week 1964
100%
Nate King Cole Route {66} 1946
100%
Lou Bega Mambo No.{5} 1999
92%
Bryan Adams Summer of '{69} 1984
92%
Nena {99} Luftballons 1983
85%
Dolly Parton {9} to {5} 1980
85%
Vanessa Carlton A {Thousand} Miles 2002
85%
The Proclaimers I'm Gonna Be ({500} miles) 1988
85%
The White Stripes {Seven} Nation Army 2003
85%
Bob Marley & The Wailers {Three} Little Birds 1977
85%
Olivia Rodrigo Good {4} u 2021
77%
MC Hammer {2} Legit {2} Quit 1991
69%
Paul Simon {50} Ways to Leave Your Lover 1975
69%
Jay-Z {99} Problems 2003
69%
Stevie Nicks Edge of {Seventeen} 1981
69%
Wilson Pickett Land of {1000} Dances 1966
69%
Blur Song {2} 1997
69%
The Beatles When I'm {Sixty Four} 1967
69%
Prince {1999} 1982
62%
U2 {One} 1991
62%
Bob Marley & The Wailers {One} Love 1977
62%
Four Seasons December {1963} (Oh, What A Night) 1975
54%
Crowded House {Four} Seasons in {One} Day 1991
54%
Bruno Mars {24}K Magic 2016
46%
Taylor Swift {22} 2012
38%
The Smashing Pumpkins {1979} 1995
31%
Tommy Tutone {867}-{5309}/Jenny 1981
31%
Steps {5}, {6}, {7}, {8} 1998
15%
Busted Year {3000} 2002
15%
Blondie {11}:{59} 1978
8%
Arctic Monkeys {505} 2007
8%
No matching quizzes found
Score Distribution
Percent of People with Each Score
Percentile by Number Answered
Your Score History
You have not taken this quiz